00715nam a2200217Ia 450000500170000000800410001704000720005804100080013010000180013824500750015626000420023130000180027349000400029150000360033165000260036765000160039365000270040965000200043670000240045676500170048020240528142021.0130821s1960 sp gr spa  aCo-BoUCMbspacDavid Moreno (modificó)dDavid Moreno (modificó) aspa1 aAbel, Wilhelm10aPolítica agrariacWilhelm Abel ; traducción por Rodolfo Gottschalk aBarcelona (España)bEl Ateneoc1960 a395 Páginas 0aBiblioteca de ciencias económicas aDonación Dr. Alvaro Daza Roa.04aAgricultura y Estado 04aAgricultura04aDesarrollo económico04aReforma agraria1 aGottschalk, Rodolfo tAgrarpolitik